| 000 | 00483nam a2200169 a 4500 | ||
|---|---|---|---|
| 001 | 1551 | ||
| 003 | CDMR | ||
| 005 | 20131008101310.0 | ||
| 008 | 130130s1978||||||||||||||||||||||||||||d | ||
| 020 | _a8435002195 | ||
| 040 |
_aCDMR _bcat _cCDMR |
||
| 100 | 1 |
_aSolà i Dachs, Lluís _9555 |
|
| 245 | 1 | 0 |
_aHistòria dels diaris en català _b: Barcelona (1879-1976) _cLluís Solà i Dachs |
| 260 |
_aBarcelona _c1978 _bEdhasa |
||
| 650 | 0 | 4 |
_91524 _aPremsa _xHistòria _zCatalunya |
| 942 |
_cMON _2udc |
||
| 999 |
_c1551 _d1551 |
||